000 00252nam a22001217a 4500
008 170511b xxu||||| |||| 00| 0 eng d
041 _aeng
080 _a34
100 _a15
101 _aSHJ
245 _aLABOR LAW
_cCORMAN.R.A
942 _2udc
_cBK
999 _c13073
_d13073